| 000 | 00762cam a2200133 4500500 | ||
|---|---|---|---|
| 005 | 20260405052227.0 | ||
| 041 | _afre | ||
| 042 | _adc | ||
| 100 | 1 | 0 |
_aSauvagnargues, Anne _eauthor |
| 245 | 0 | 0 | _aDeleuze et l'art |
| 260 |
_bPresses Universitaires de France,
_c2005. |
||
| 520 | _aL’auteur se propose de faciliter l’accès à une partie importante et encore peu étudiée de l’œuvre de Deleuze. Celui-ci théorise le domaine de l’art avec de nouveaux concepts: corps sans organes, machines désirantes, devenir-animal… Il propose une philosophie de la peinture et du cinéma transformant complètement le paysage théorique habituel. | ||
| 856 | 4 | 1 | _uhttps://shs.cairn.info/deleuze-et-l-art--9782130552895?lang=fr&redirect-ssocas=7080 |
| 999 |
_c2183740 _d2183740 |
||